| 000 | 01869nam a2200361 a 4500 | ||
|---|---|---|---|
| 001 | 000028764 | ||
| 003 | DO-SdBNP | ||
| 005 | 20171011111728.0 | ||
| 007 | 000028764 | ||
| 008 | 110412t2010 ck ac 001 0dspa d | ||
| 020 | _a9789945111651 | ||
| 040 |
_aBPMSU _bspa _cBPMSU |
||
| 082 | 4 |
_a972.93053 _bB174t, 2010 |
|
| 100 | 1 |
_aBalcácer, Juan Daniel, _d1949- |
|
| 245 | 1 | 0 |
_aTrujillo : _bel tiranicidio de 1961 / _cJuan Daniel Balcácer. |
| 250 | _a4ª ed. | ||
| 260 |
_aBogotá : _bTaurus historia, _c2010. |
||
| 300 |
_a540 p. : _bil., retr. ; _c25 cm. |
||
| 500 | _aIncluye cronología del 30 de mayo, último día de Trujillo. | ||
| 500 | _aIncluye índice onomástico. | ||
| 504 | _aIncluye bibliografía y notas al pie de páginas. | ||
| 504 | _aBibliografía : p.493-518. | ||
| 505 | 0 |
_aIntroducción -- _tEl último día de Trujillo: una cronología -- _tCaudillos y dictadores dominicanos -- _tLa resistencia contra Trujillo -- _tLa conspiración -- _tTrujjillo y la muerte -- _tEl tiranicidio -- _tUna vez muerto Trujillo -- _tTestimonios sobre el ajusticiamiento -- _tEl azar, Arturo Espaillat y Zacarías de la Cruz -- _tRomán Fernández: traidor o víctima? -- _tHistoriografía del 30 de mayo -- _tTrujillo en la narrativa -- _tConsideraciones finales -- _tApéndices -- _tNotas biográficas de los conjurados -- _tFuentes -- _tÍndice onomástico. |
|
| 586 | _aPremio Feria del Libro Eduardo León Jiménez, Mejor libro del año 2007. | ||
| 600 | 1 | 4 |
_aTRUJILLO MOLINA, RAFAEL LEÓNIDAS, _d1891-1961 _xMUERTE |
| 650 | 4 |
_aHOMICIDIO POLÍTICO _zREPÚBLICA DOMINICANA |
|
| 651 | 4 |
_aREPÚBLICA DOMINICANA _xHISTORIA _yERA DE TRUJILLO, 1930-1961 |
|
| 651 | 4 |
_aREPÚBLICA DOMINICANA _xPOLÍTICA Y GOBIERNO |
|
| 910 | _aValidado. Control de calidad EMS. | ||
| 942 |
_2ddc _cBK |
||
| 945 | _aInventariado / 2017 VM | ||
| 956 |
_aVMATEO _b10 _c20110412 _lBPMSU _h0069 |
||
| 999 |
_c7719 _d7719 |
||